Vzory zmlúv a právnych podaní

Vzory zmlúv a právnych podaní s ktorými sa podnikatelia - fyzické osoby i právnické osoby najčastejšie stretávajú vo svojej podnikateľskej praxi. Spoločenské, zakladateľské a združovacie zmluvy. Záväzkové vzťahy, podľa obchodného zákonníka a občianskeho zákonníka. Žaloby občianskoprávnych a obchodný...

Descrizione completa

Salvato in:
Dettagli Bibliografici
Autore principale: Kováčiková, Eva
Natura: Capitolo di libro
Lingua:slovacco
Soggetti:
Tags: Aggiungi Tag
Nessun Tag, puoi essere il primo ad aggiungerne!!

MARC

LEADER 00000naa a2200000 4500
001 r040227
005 20230919091634.8
041 0 |a slo 
044 |a SK 
245 1 0 |a Vzory zmlúv a právnych podaní  |c Eva Kováčiková 
520 |a Vzory zmlúv a právnych podaní s ktorými sa podnikatelia - fyzické osoby i právnické osoby najčastejšie stretávajú vo svojej podnikateľskej praxi. Spoločenské, zakladateľské a združovacie zmluvy. Záväzkové vzťahy, podľa obchodného zákonníka a občianskeho zákonníka. Žaloby občianskoprávnych a obchodných vzťahov. Zmluvy a podania z pracovnoprávnych vzťahov. 
610 2 0 |a zmluvy 
610 2 0 |a vzory 
610 2 0 |a zmluvy spoločenské 
610 2 0 |a vzťahy obchodné záväzkové 
610 2 0 |a zmluvy obchodné 
610 2 0 |a zákonník obchodný 
610 2 0 |a zákonník občiansky 
610 2 0 |a podania súdne 
610 2 0 |a podnikatelia 
610 2 0 |a osoby fyzické 
100 1 |a Kováčiková, Eva